000 00768nam a22001937a 4500
003 OSt
005 20240613153911.0
008 240613b ||||| |||| 00| 0 eng d
040 _cAIMIT LIBRARY
100 _aHussain, Mohammed Juman.
_e2116073
_9170640
245 _aStudy on online teaching experience of teaching staff during covid 19 with respect to P.A Education Trust /
_cBy Mohammed Juman Hussain ; Guided by Vinay Krishna.
260 _aMangaluru ;
_c2023.
650 _aLiterature review / mapping
_9170641
650 _aResearch methodology
_9170642
650 _aData analysis and interpretation
_9170643
700 _aKrishna, Vinay.
_eGuide
_9170644
856 _3Centre for management studies and research P.A college of engineering
942 _2ddc
_cPRO
999 _c231163
_d231163